000
00253nam a22000977a 4500
999
_c
11279
_d
11279
008
190115b ||||| |||| 00| 0 eng d
020
_a
9789351772071
100
_a
Jeff Keller
_9
7022
245
_a
Attitude Everything
260
_a
India
_b
Harper Collins
_c
2017